000 00432nam a2200157Ia 4500
003 OSt
005 20231214140000.0
008 230125s9999 xx 000 0 und d
020 _a872894800
082 _a610.73
_bMILW
100 _aMiller, Ken
245 0 _aWe don't make widgets : overcoming the myths that keep government from radically improving
260 _bGoverning Books
_c2010
_aWashington
300 _a124p
942 _cBK
_2ddc
999 _c73
_d73